Boston Celtics 2020s Top 10 Leaders - Statistics

General Stats
  • This quiz has been taken 595 times
    87 since last reset
  • The average score is 11 of 15
Answer Stats
Player % Correct
Jaylen Brown
100%
Jayson Tatum
100%
Kristaps Porziņģis
95%
Derrick White
93%
Al Horford
92%
Jrue Holiday
84%
Payton Pritchard
83%
Marcus Smart
76%
Grant Williams
66%
Robert Williams
66%
Neemias Queta
62%
Sam Hauser
54%
Kemba Walker
46%
Luke Kornet
42%
Daniel Theis
29%
No matching quizzes found
Score Distribution
Percent of People with Each Score
Percentile by Number Answered
Your Score History
You have not taken this quiz since the last reset